000 00536nam a2200193Ia 4500
005 20260429111956.0
008 260429s9999||||xx |||||||||||||| ||und||
020 _a9781630819873
041 _aEnglish
082 _a530.143
_bSAL
100 _aSalari, Alan
245 0 _aMicrowave techniques in superconducting quantum computers /
_cAlan Salari
260 _aUnited States :
_bArtech House,
_c2024.
300 _axv, 363 p.; hb
650 _a Quantum computers
650 _a Quantum physics
650 _aPhysics
942 _cTB
999 _c51707
_d51707